| 000 | 00549nam a2200193 i 4500 | ||
|---|---|---|---|
| 001 | bg | ||
| 100 | 1 |
_aGiergiel, Józef _d(1931- ). |
|
| 245 | 0 |
_aDrgania układów mechanicznych / _cJózef Giergiel. |
|
| 260 |
_aKraków : _bAkademia Górniczo-Hutnicza, _c1980. |
||
| 300 |
_as. 328, nlb. 1 : _brys. |
||
| 490 | 1 |
_aSkrypty Uczelniane ; _vnr 716 |
|
| 504 | _a[Zawiera bibliogr. s. 329]. | ||
| 830 | _aSkrypty Uczelniane ; | ||
| 040 | _cBPK | ||
| 041 | _apol | ||
| 080 | _a534:621.01 | ||
| 942 | _cKS | ||
| 008 | s pl f |000 0 pol | ||
| 999 |
_c19446 _d19446 |
||
| 856 |
_uhttp://koha.tu.koszalin.pl/cgi-bin/koha/opac-detail.pl?biblionumber=19446 _yKatalog online BPK |
||